01027 2200325 4500001002100000005001500021035002000036007000300056008004100059040002200100100005900122245010000181300004300281020002200324082001500346084001700361090002200378250002600400264003000426336002100456337003000477338002300507490003600530650002300566700002700589700002900616850001200645999002200657990002200679INLIS00000000087684820230306095729 a0010-0323000115ta230306s yoia b 1 ind d aYOPDYOGbinderda0 aDian NofitasariePengarangeDian NofitasariePengarang10aBuku misterius oma dan opa /cDian Nofitasari; ilustrator, Evina Dean; penyunting, Cicilia Heni a24 halaman :bgambar berwarna ;c21 cm a978-979-21-7433-504223a028.55 a028.55 DIA b aCB-D.11 2023-0034 aCetakan pertama, 202331aSleman :bKanisius,c2023 2rdacontentateks 2rdamediaatanpa perantara 2rdacarrieravolume aseri aku sayang kakek dan nenek 4aBacaan kanak-kanak0 aEvina DeaneIlustrator0 aCicilia HeniePenyunting aYOPDYOG aCB-D.11/2023-0034 aCB-D.11/2023-0034